000 00527nam a22001697a 4500
999 _c8626
_d8626
008 201209b ||||| |||| 00| 0 eng d
040 _aBMS College of Architecture
100 _aMadhukar, Malavika
245 _aRe - designing the city railway station
300 _a46p.
500 _a1BM12AT035
502 _8B,Arch
_NBMS College of Architecture, Visvesvaraya Technological University (VTU)
_aProject report
_d2016
650 _aCity
700 _aRiju C Thomas
_eGuide
700 _aRadhika Kak
_eGuide
942 _2ddc
_cTHE